000 00732nam a2200229 i 4500
001 63436
003 ES-MaACL
005 20250824091600.0
007 t|
008 031210s1979 sp f ||||1|bspa d
080 _a860-821"19"
080 _a929 Lamana Lizarbe, Luis
100 1 _aLamana Lizarbe, Luis.
_9155407
245 1 0 _aEsencia y presencia de D. Luis Lamana Lizarbe
_b: abogado y escritor /
_c[introducción y comentarios], Salvador Ferrer C. Maura.
260 _aMadrid :
_b[s.n.],
_c1979.
300 _a330 p., 5 lám. ;
_c23 cm.
700 1 _aFerrer C. Maura, Salvador,
_d1902-1985
_9155406
852 _aES-MaACL
_jA-10752
852 _aES-MaACL
_jA-10753
852 _aES-MaACL
_jG-4332
999 _c63436
_d63436